| 000 | 00655nam a2200193 i 4500 | ||
|---|---|---|---|
| 001 | 103627 | ||
| 003 | ES-MaACL | ||
| 005 | 20230906183419.0 | ||
| 007 | t| | ||
| 008 | 060425s1968 pr ||||1| spa d | ||
| 080 | _a821.134.2(729.5)-14"19" | ||
| 100 | 1 |
_aVega Láncara, Rafael. _9113612 |
|
| 245 | 1 | 0 |
_aDécimas / _cRafael Vega Láncara. |
| 250 | _a1ª ed. | ||
| 260 |
_a[San Juan, Puerto Rico] : _bDepartamento de Instrucción Pública, Estado Libre Asociado de Puerto Rico, _c1968. |
||
| 300 |
_aXVIII, 115 p. : _bil. ; _c19 cm. |
||
| 710 | 1 |
_aPuerto Rico. _bDepartamento de Instrucción Pública. _96275 |
|
| 852 |
_aES-MaACL _jC-56857 _bR.137509 |
||
| 999 |
_c103627 _d103627 |
||